| 000 | 02530nam0a2200361 4500 | ||
|---|---|---|---|
| 001 | RU\NLR\BIBL_A\012031992 | ||
| 005 | 20190708170315.0 | ||
| 010 |
_a978-5-7679-4222-0 _9500 |
||
| 021 |
_aRU _bКН-П-19-035568 _9КН-П-19-2627 |
||
| 035 | _a(NLR Aleph) 012031992 | ||
| 035 | _a(RuMoRGB)009980712 | ||
| 090 |
_a11557053 _c11557053 |
||
| 100 | _a20190606d2018 k y0rusy50 ca | ||
| 101 | 0 | _arus | |
| 102 | _aRU | ||
| 105 | _ay|||z|||000zy | ||
| 200 | 1 |
_aПедагогическое образование: история, современное состояние, задачи совершенствования _eмонография _fН.А. Шайденко, С.Н. Кипурова, А.Н. Сергеев, А.В. Сергеева _gМинистерство образования и науки Российской Федерации, ФГБОУ ВО "Тульский государственный педагогический университет им. Л. Н. Толстого", Министерство образования Тульской области, ГОУ ДПО ТО "Институт повышения квалификации и профессиональной переподготовки работников образования Тульской области", Центр стратегического планирования развития образования, экспертизы и научного консультирования |
|
| 210 |
_aТула _cИзд-во ТулГУ _d2018 |
||
| 215 |
_a125 с. _d20 |
||
| 320 | _aБиблиогр.: с. 111-124 (117 назв.) | ||
| 606 | 1 |
_aПедагогическое образование _xИстория _yРоссийская Федерация _2nlr_sh2 _3RU\NLR\AUTH\6601616809 |
|
| 610 | 0 | _aподготовка педагогов | |
| 610 | 0 | _aвысшее педагогическое образование | |
| 686 | 1 | _aЧ489.513(2) | |
| 701 | 1 |
_aШайденко _bН. А. _gНадежда Анатольевна |
|
| 701 | 1 |
_aКипурова _bС. Н. _gСветлана Николаевна |
|
| 701 | 1 |
_aСергеев _bА. Н. _cд-р пед. наук _gАлександр Николаевич _3RU\NLR\AUTH\77105006 |
|
| 701 | 1 |
_aСергеева _bА. В. _cканд. пед. наук _gАлександра Владимировна _3RU\NLR\AUTH\77105015 |
|
| 942 | _cBOOK | ||
| 980 | _aNBR | ||
| 980 | _aNB | ||